书目信息 |
| 题名: |
扶贫经济合作社
|
|
| 作者: | ;中国社会科学院 著 | |
| 分册: | ||
| 出版信息: | 北京 社会科学文献出版社 2010 |
|
| 页数: | 201页 | |
| 开本: | 24cm | |
| 丛书名: | ||
| 单 册: | ||
| 中图分类: | F832.43 | |
| 科图分类: | ||
| 主题词: | 农贷--信贷管理--研究--中国 , 农贷 , 贷款管理 | |
| 电子资源: | ||
| ISBN: | 978-7-5097-1241-2 | |
| 000 | 01090nam0 2200265 450 | |
| 001 | 524 | |
| 005 | 20140909165101.09 | |
| 010 | @a978-7-5097-1241-2@dCNY39.00 | |
| 100 | @a20100522d2010 em y0chiy50 ea | |
| 101 | 0 | @achi |
| 102 | @aCN@b110000 | |
| 105 | @ay z 000yy | |
| 106 | @ar | |
| 200 | 1 | @a扶贫经济合作社@AFu Pin Jing Ji He Zuo She@e小额信贷扶贫模式在中国的实践@EXiao E Xin Dai Fu Pin Mo Shi Zai Zhong Guo De Shi Jian@f中国社会科学院贫困问题研究中心课题组著@FZhong Guo She Hui Ke Xue Yuan Pin Kun Wen Ti Yan Jiu Zhong Xin Ke Ti Zu Zhu |
| 210 | @a北京@c社会科学文献出版社@d2010 | |
| 215 | @a201页@d24cm | |
| 330 | @a本书记述了贫困农户尤其是贫困妇女在过去10多年中,通过加入扶贫经济合作社获得小额贷款,从事创收活动的真实经历。 | |
| 517 | 1 | @a小额信贷扶贫模式在中国的实践@AXiao E Xin Dai Fu Pin Mo Shi Zai Zhong Guo De Shi Jian |
| 606 | 0 | @a农贷@x信贷管理@x研究@y中国 |
| 606 | 0 | @a农贷 |
| 606 | 0 | @a贷款管理 |
| 690 | @aF832.43@v5 | |
| 711 | 02 | @a中国社会科学院@AZhong Guo She Hui Ke Xue Yuan@4著 |
| 801 | 0 | @aCN@bTANGWEI@c20140603 |
| 905 | @b0837805-07@dF832.43@e106@f3 | |
| 扶贫经济合作社:小额信贷扶贫模式在中国的实践/中国社会科学院贫困问题研究中心课题组著.-北京:社会科学文献出版社,2010 |
| 201页;24cm |
| ISBN 978-7-5097-1241-2:CNY39.00 |
| 本书记述了贫困农户尤其是贫困妇女在过去10多年中,通过加入扶贫经济合作社获得小额贷款,从事创收活动的真实经历。 |
| ● |
| 相关链接 |
|
|
|
|
正题名:扶贫经济合作社
索取号:F832.43/106
 
预约/预借
| 序号 | 登录号 | 条形码 | 馆藏地/架位号 | 状态 | 备注 |
| 1 | 0837805 | 208378058 | 第一样本阅览室/ [索取号:F832.43/106] | 在馆 | |
| 2 | 0837806 | 208378067 | 第一借阅区/ [索取号:F832.43/106] | 在馆 | |
| 3 | 0837807 | 208378076 | 第一借阅区/ [索取号:F832.43/106] | 在馆 |